| 000 | 00764cab a2200229 4500 | ||
|---|---|---|---|
| 001 | ABS59309 | ||
| 008 | 090401t1998 xxu||||| |||| 00| 0 eng d | ||
| 035 | _a(Sirsi) u88769 | ||
| 041 | _aeng | ||
| 100 | _aGreed, J. | ||
| 245 | _aNational Land Information Service | ||
| 260 | _c1998 | ||
| 350 | _a0 | ||
| 490 |
_aNew Law Journal _v148(6856) 18 September 1998, 1347-1348(2) |
||
| 520 | _aConsiders the National Land Information Service, the advantages and disadvantages of the proposed system, and the legal implications. | ||
| 650 | _aCONVEYANCERS | ||
| 650 | _aNATIONAL LAND INFORMATION SERVICE | ||
| 650 | _aNATIONAL LAND INFORMATION SERVICE | ||
| 690 | _aMANAGEMENT-BUSINESS MANAGEMENT-INFORMATION MANAGEMENT | ||
| 942 | _n0 | ||
| 948 | _c01/10/1998 | ||
| 999 |
_c56122 _d56122 |
||